| 000 | 00870nam a22002891 4500 | ||
|---|---|---|---|
| 001 | bimo0001554870 | ||
| 003 | DO-SdBNP | ||
| 005 | 20180122131654.0 | ||
| 008 | 000401s1969 sp spa | ||
| 016 | 7 |
_a _z _2BPMSU |
|
| 017 |
_a _b |
||
| 035 | _a | ||
| 040 |
_aBPMSU _bspa _cBPMSU |
||
| 080 | 0 | _a | |
| 100 | 1 | _aVelter, Joseph M. | |
| 240 |
_aRote Wolfe, Weisse Tiger _lEspañol |
||
| 245 | 1 | 0 |
_aTres cazadores en Siberia / _h _cJoseph Velter ; traducción, Jesús Ruiz ; ilustraciones Heinz Stieger |
| 260 |
_aBarcelona _bNoguer _c[1969] |
||
| 300 |
_a165 p. ; _b _c22 cm |
||
| 490 | 0 |
_a "Cuatro vientos" _v11 |
|
| 700 | 1 |
_aRuiz, Jesús _qRuiz Ruiz _etr. |
|
| 700 | 1 |
_aStieger, Heinz _eils. |
|
| 830 |
_a "Cuatro vientos" _v8 |
||
| 942 |
_2ddc _cBK |
||
| 945 | _aInventariado extranjero / 2018 VM | ||
| 956 |
_a VMATEO _b10 _c20170224 _dBPMSU _f0069 |
||
| 999 |
_c12561 _d12561 |
||